000 00396nam a22001697a 4500
005 20180223154504.0
008 160523b xxu||||| |||| 00| 0 eng d
020 _a0-19-566906-1
041 _aeng
082 _b4134
_a330
100 _aLipsey & Chrystal
_91015
245 _aEconomics
260 _aNew Delhi
_bAcademic Faundation
300 _a665
650 _aManagement
_9241
942 _cBK
999 _c1386
_d1386